Statistiken für Länder Flagge + Umriss Quiz #10

Klicken Sie hier um das Quiz zu spielen!

Allgemein

  • Dieses Quiz wurde 25 mal gespielt
  • Das Durchschnittsergebnis liegt bei 13 aus 16

Antwortstatistiken

Antwort% Korrekt
Dänemark
100%
Ungarn
96%
Zypern
96%
Andorra
92%
Bhutan
88%
Liechtenstein
88%
Sambia
88%
Kamerun
84%
Tadschikistan
80%
Kuwait
72%
Mongolei
72%
Republik Kongo
72%
Guinea
64%
Komoren
60%
Bolivien
56%
Dschibuti
56%

Verteilung der Resultate

Perzentil nach korrekt beantworteten Fragen

Anzahl Personen mit jedem Resultat

Ihre Resultats-Entwicklung

Sie haben dieses Quiz noch nicht gespielt